00655nam a2200241 a 4500001001300000003000900013005001700022008004100039020001000080082001300090100002100103245001900124260003400143300000900177500003500186505001000221650001700231700002100248902000800269942000700277952011400284999001500398nice12345678IN_TiNIC20260116012847.0050524s1967 lona grp 000 0 eng  ac10000a201bBOR aBoros, Ladislaus aGod Is With Us aLondonbBurns and Oatesc1967 a199p aincludes index and biblioraphy2 aNotes aChristianity1 aBoros, Ladislaus bSRS cBK 001040708StackRoom-aHMIbHMId2007-03-19g100.00l0o201 BORp010184r2007-03-19v100.00w2005-05-24yBK c8675d8675